States CONTAINING an A - Statistics

General Stats
  • This quiz has been taken 59 times
    35 since last reset
  • The average score is 29 of 36
Answer Stats
# of A´s Answer % Correct
2 Arizona
94%
1 North Dakota
94%
4 Alabama
91%
3 Alaska
91%
3 Arkansas
91%
2 California
91%
2 North Carolina
91%
2 South Carolina
91%
1 Florida
88%
2 Maryland
88%
1 South Dakota
88%
1 Washington
88%
1 Georgia
84%
2 Louisiana
84%
1 Texas
84%
2 Delaware
81%
1 Hawaii
81%
2 Kansas
81%
1 Maine
81%
2 Massachusetts
81%
2 Montana
81%
2 Nevada
81%
1 Iowa
78%
2 Oklahoma
78%
1 Pennsylvania
78%
1 Virginia
78%
1 Idaho
75%
2 Indiana
75%
2 Nebraska
75%
1 New Hampshire
75%
1 West Virginia
75%
1 Michigan
72%
1 Minnesota
72%
1 Utah
69%
1 Rhode Island
66%
1 Colorado
63%
No matching quizzes found
Score Distribution
Percent of People with Each Score
Percentile by Number Answered
Your Score History
You have not taken this quiz since the last reset